Insight into ielts
Mục lục đầu sách
Gardado en:
| Autor Principal: | |
|---|---|
| Outros autores: | , |
| Formato: | Libro |
| Idioma: | Vietnamese |
| Publicado: |
Tp. Hồ Chí Minh
Tp. Hồ Chí Minh
2000
|
| Những chủ đề: | |
| Các nhãn: |
Engadir etiqueta
Sen Etiquetas, Sexa o primeiro en etiquetar este rexistro!
|
| Thư viện lưu trữ: | Mạng thư viện Đại học Đà Nẵng |
|---|
| LEADER | 01191nam a2200361 4500 | ||
|---|---|---|---|
| 001 | 000009653 | ||
| 003 | 5850 | ||
| 005 | 20111031101058.0 | ||
| 008 | 111031s2000 viesd | ||
| 020 | |c 38000đ | ||
| 041 | 0 | |a vie | |
| 082 | |a 428.21076 |b JA-V | ||
| 100 | 1 | |a Jakeman, Vanessa |e Tác giả | |
| 245 | 0 | |a Insight into ielts |c Vanessa Jakeman and Clare McDowell, Lê Huy Lâm dịch | |
| 260 | |a Tp. Hồ Chí Minh |b Tp. Hồ Chí Minh |c 2000 | ||
| 300 | |a 289tr |c 21cm | ||
| 520 | |a Mục lục đầu sách | ||
| 653 | |a Tài liệu | ||
| 653 | |a Luyện thi | ||
| 653 | |a Ielts | ||
| 700 | |a Lê Huy Lâm |e Dịch và chú giải | ||
| 700 | |a Clare McDowell |e Tác giả | ||
| 910 | |a Thương |d 31/10/2011 | ||
| OWN | |a LSP | ||
| AVA | |a UDN50 |b LSP |d 428.21076 JA-V |e unavailable |t Error 5002 Not defined in file expand_doc_bib_avail. |f 3 |g 3 |h N |i 1 |k 1 | ||
| 999 | |a From the UDN01 | ||
| AVA | |a UDN50 |b LSP |d 428.21076 JA-V |e unavailable |t Error 5002 Not defined in file expand_doc_bib_avail. |f 3 |g 3 |h N |i 1 |k 1 | ||
| TYP | |a Monograph | ||
| TYP | |a Printed language | ||
| 980 | |a Mạng thư viện Đại học Đà Nẵng | ||